| 000 | 00406nam a2200169Ia 4500 | ||
|---|---|---|---|
| 008 | 230524s9999 xx 000 0 und d | ||
| 020 | _a8129702215 | ||
| 082 |
_a621.382 _bWIL |
||
| 100 | _aStephen G.Wilson | ||
| 245 | 0 | _aDigital Modulation and Coding | |
| 250 | _a 1ST | ||
| 260 |
_aNEW DELHI _bPearson _c2003 |
||
| 300 | _a677 | ||
| 500 | _aQuantity Number: 2 | ||
| 650 | _aElectronics | ||
| 942 | _cBK | ||
| 999 |
_c7852 _d7852 |
||